Statystyki dla Memy

Kliknij tutaj aby rozwiązać quiz!

Ogólne statystyki

  • Ten quiz został rozwiązany 277 razy
  • Średni wynik to 3 z 9

Statystyki odpowiedzi

Podp.Odp.% Poprawnych
Główna postać z najlepsze cześci GTA (przynajmniej dla mnie)Carl Johnson
64%
Główna postać z gry Cyberpunk 2077 (chyba)Keanu Reeves
43%
Brazylijski aktor wystepujący w GachimuchiRicardo Milos
40%
Zielona żaba jeżdżąca na monocykluDat Boi
31%
Postać która mówiła : do u know da wae? (ale nie mówi bo jest martwym memem)Ugandan Knuckles
27%
Posąg z ludzką głową i dużymi oczami.Podobnym przypadkiem jest Ayuwoki.Momo
26%
Jedna z emotek (czy jakoś tak) zrobiona z trzech literuwu
20%
Mem pochodzi z bajki o Złotowłosej i Trzech Misiach. (popularny w 2017 , obecnie martwy)Somebody toucha my spaghet
7%
Hit or miss ..... took the kidsKaren
6%

Rozkład punktacji

Percentyl według liczby udzielonych odpowiedzi

Procent ludzi z każdym wynikiem

Twoja historia wyników

Nie rozwiązałeś tego quizu